The crocodile and the dentist / (Record no. 2603)

MARC details
000 -LEADER
fixed length control field 00876cam a2200265 a 4500
005 - DATE AND TIME OF LATEST TRANSACTION
control field 20250828113202.0
020 ## - INTERNATIONAL STANDARD BOOK NUMBER
International Standard Book Number 9780590677318
040 ## - CATALOGING SOURCE
Original cataloging agency DLC
Transcribing agency DLC
Modifying agency DLC
Language of cataloging eng
050 00 - LIBRARY OF CONGRESS CALL NUMBER
Classification number PZ7.G586
Item number 1994
082 00 - DEWEY DECIMAL CLASSIFICATION NUMBER
Classification number 895.635
100 1# - MAIN ENTRY--PERSONAL NAME
Personal name Gomi, Tarō
245 14 - TITLE STATEMENT
Title The crocodile and the dentist /
Statement of responsibility, etc. by Taro Gomi
250 ## - EDITION STATEMENT
Edition statement First Scholastic printing , February 1996
260 ## - PUBLICATION, DISTRIBUTION, ETC.
Place of publication, distribution, etc. Brookfield :
Name of publisher, distributor, etc. Scholastic,
Date of publication, distribution, etc. 1994
300 ## - PHYSICAL DESCRIPTION
Extent 26 unnumbered pages :
Other physical details color illustrations ;
Dimensions 23 cm.
505 ## - FORMATTED CONTENTS NOTE
Formatted contents note D <br/>
520 ## - SUMMARY, ETC.
Summary, etc. Crocodile goes to the dentist, and both of them have to overcome their fears--not only of tooth extractions, but of each other.
521 ## - TARGET AUDIENCE NOTE
Target audience note 180 <br/>
Source Lexile <br/>
521 ## - TARGET AUDIENCE NOTE
Target audience note D <br/>
Source Raz-Plus <br/>
650 #1 - SUBJECT ADDED ENTRY--TOPICAL TERM
Topical term or geographic name entry element Crocodiles
General subdivision Fiction.
650 #1 - SUBJECT ADDED ENTRY--TOPICAL TERM
Topical term or geographic name entry element Dentists
General subdivision Fiction.
906 ## - LOCAL DATA ELEMENT F, LDF (RLIN)
a 7
b cbc
c orignew
d 1
e ocip
f 19
g y-gencatlg
942 ## - ADDED ENTRY ELEMENTS (KOHA)
Source of classification or shelving scheme Dewey Decimal Classification
Koha item type Books
Suppress in OPAC No
999 ## -
-- 2603
-- 2603
Holdings
Withdrawn status Lost status Source of classification or shelving scheme Damaged status Not for loan Collection Home library Current library Shelving location Date acquired Total Checkouts Full call number Barcode Date last seen Date last checked out Copy number Price effective from Koha item type
    Dewey Decimal Classification     Juvenile Fiction Footprints International School Library Network Toul Tom Poung Campus Footprints International School Library Network Toul Kork Campus TTP Primary Green Bookshelves 08/28/2025 1 GOM 895.635 PZ7.G586 FIS01640 09/19/2025 09/12/2025 2 08/28/2025 Books
    Dewey Decimal Classification     Juvenile Fiction Footprints International School Library Network Toul Tom Poung Campus Footprints International School Library Network Toul Tom Poung Campus TTP Primary Green Bookshelves 01/04/2024 1 GOM 895.635 PZ7.G586 FISTK01966 01/29/2024 01/22/2024 1 01/04/2024 Books